Statistics for Bayern Munich Players with 100 or More Alltime Goals

Click here to take the quiz!

General Stats

  • This quiz has been taken 147 times
  • The average score is 8 of 15

Answer Stats

Hint Answer % Correct
120Thomas Muller
99%
525Gerd Muller
99%
108Arjen Robben
72%
218Karl-Heinz Rummenigge
69%
104Franc Ribery
69%
113Mario Gomez
64%
139Giovane Elber
58%
103Roy Makaay
53%
100Lothar Matthaus
51%
111Uli hoeness
37%
145Dieter Hoeness
36%
117Mehmet Scholl
34%
125Claudio Pizzaro
28%
110Paul Breitner
27%
155Roland Wohlfarth
14%

Score Distribution

Percentile by Number Answered

Percent of People with Each Score

Your Score History

You have not taken this quiz